Państwa graniczące z Austrią - Statystyki

Ogólne statystyki
  • Ten quiz został rozwiązany 14 116 razy
    14 110 od ostatniego zresetowania
  • Średni wynik to 7 z 8
Statystyki odpowiedzi
Długość granicy (km) Kraje % Poprawnych
784 Niemcy
99%
362 Czechy
97%
164 Szwajcaria
96%
330 Słowenia
94%
430 Włochy
94%
366 Węgry
93%
35 Liechtenstein
89%
91 Słowacja
88%
Nie znaleziono quizów pasujących do podanych kryteriów
Rozkład punktacji
Procent ludzi z każdym wynikiem
Percentyl według liczby udzielonych odpowiedzi
Twoja historia wyników
Nie rozwiązałeś tego quizu od ostatniego zresetowania